01089nam a2200193Ia 4500001001100000003001000011008004100021040002500062041001300087100002300100245002200123250001100145260006700156300002700223500025500250501011400505520025500619650002100874L241-13848IT-CnALBA170116s9999||||xx |||||||||||||| ||und|| aIT-CnALBAcIT-CnALBA aITALIANO aBONSIRVEN GIUSEPPE 0aIL REGNO DI DIO.  a1a ed. aCINISELLO BALSAMO (MI)bEDIZIONI PAOLINEc1960 [1° Ed.: n.d.] a300 p. (prefazione: 7) aTRADUZIONE DAL FRANCESE DI E. LORETI. IL REGNO DI DIO NELL'ANTICO TESTAMENTO. LETTERATURA RABBINICA. GIUDAICA. APOCRIFA. PREDICAZIONE DI GESÙ. TEMPI. DISPONIBILITÀ. PRIMATO DELL'AMORE. CARITÀ EROICA. SACRAMENTI. DISCEPOLI DI GESÙ. LA CHIESA.  aSocietà San Paolo EM - Piazza San Paolo, 14 - 12051 ALBA (CN) (non commercial uses only) ® Copyright 2017 aTRADUZIONE DAL FRANCESE DI E. LORETI. IL REGNO DI DIO NELL'ANTICO TESTAMENTO. LETTERATURA RABBINICA. GIUDAICA. APOCRIFA. PREDICAZIONE DI GESÙ. TEMPI. DISPONIBILITÀ. PRIMATO DELL'AMORE. CARITÀ EROICA. SACRAMENTI. DISCEPOLI DI GESÙ. LA CHIESA.  aMORALE CATTOLICA